00668 a2200157 4500020002800000020003100028082001600059100001700075245011700092260005100209300003500260650002400295999001300319952009600332952008200428 a1420042769 (alk. paper) a9781420042764 (alk. paper) a624.151 HUN aHunt, Roy E. aCharacteristics of geologic materials and formations :ba field guide for geotechnical engineers /cRoy E. Hunt. aBoca Raton, FL :bCRC/Taylor & Francis,c2007. a387 p. :bill., maps ;c27 cm. aEngineering geology c974d974 00104070aNITbNITcCEd0000-00-00l0o624.151 HUNpNIT-4272 r2017-01-05w2017-01-05yBK 00104070aNITbNITcCEd2017-01-05l0pNIT-4322r2017-01-05w2017-01-05yBK